000 00578nam a2200181 a 4500
001 000009153
005 20240412074210.0
008 090928s1923 dr r 000 0 spa d
040 _aDO-SdBNP
_bspa
_cBNPHU
082 _aRD861.3
_bP433c
100 1 _aPerdomo, Apolinar
_923817
245 1 0 _aCantos de Apolo /
_cApolinar Perdomo; prólogo J. Tomás Mejía.
260 _aSanto Domingo :
_bRafael V. Montalvo,
_c1923.
300 _a136 p. :
_bil. ;
_c22 cm.
650 0 _aPoesía dominicana
_966
650 0 _aLiteratura dominicana.
_967
910 _aValidado. Control de calidad. MFF
999 _c8917
_d8917